Statistiques de recettes publiques des pays membres de l'OCDE [1965-1972]; une classification normalisee. : Revenue statistics of OECD member countries, 1965-1972; a standardized classification.

Bibliographic Details
Corporate Author: Organisation for Economic Co-operation and Development
Format: Book
Language:French
English
Published: [Paris], [publisher not identified] ; [1975]
Subjects:

MARC

Tag First Indicator Second Indicator Subfields
LEADER 00000cam a2200000 4500
001 in00000598366
005 20151014160355.0
008 750501s1975 fr d b 00010 fre d
020 |a 9264013229 
035 |a (OCoLC)01307170 
035 |9 ACR9650AM 
040 |c WTU  |d TXA  |d UtOrBLW 
041 0 |a eng  |a fre 
049 |a TXAM  |c [1359717] 
050 0 0 |a HJ2279  |b .O75 1975 
110 2 |a Organisation for Economic Co-operation and Development. 
245 1 0 |a Statistiques de recettes publiques des pays membres de l'OCDE [1965-1972]; une classification normalisee. :  |b Revenue statistics of OECD member countries, 1965-1972; a standardized classification. 
264 1 |a [Paris],  |b [publisher not identified] ;  |c [1975] 
300 |a 258 pages :  |b illustrations ;  |c 29 cm. 
336 |a text  |b txt  |2 rdacontent 
337 |a unmediated  |b n  |2 rdamedia 
338 |a volume  |b nc  |2 rdacarrier 
504 |a Includes bibliographical references. 
650 0 |a Revenue  |z OECD countries. 
650 0 |a Taxation  |z OECD countries. 
740 0 |a Revenue statistics of OECD member countries, 1965-1972. 
999 |a MARS 
999 f f |s 4be2c1b8-62e9-3a5b-8d6c-16ae5d7f0ba6  |i 8687413e-c7ef-30dd-9306-456fe0287506  |t 0 
952 f f |p normal  |a Texas A&M University  |b College Station  |c Sterling C. Evans Library  |d Evans: Library Stacks  |t 0  |e HJ2279 .O75 1975  |h Library of Congress classification  |i unmediated -- volume  |m A14802895717 
998 f f |a HJ2279 .O75 1975  |t 0  |l Evans: Library Stacks